00664nam a2200217 a 4500001001300000003000900013005001700022008004100039020002300080082001300103100001800116245004200134260004800176300000900224500003500233650003200268902000800300942000700308952011400315999001700429nice12345678IN_TiNIC20260116014314.0100105s2009 newa grp 000 0 eng  a9788183702003c80000a261bSNA aSnaitang, O L aChristianity and National Integration aNew Delhi bAkansha Publishing House c2009 a264p aincludes index and biblioraphy aChristianity and Secularism bSRS cBK 001040708StackRoom-aHMIbHMId2010-01-05g800.00l0o261 SNAp022971r2010-01-05v800.00w2010-01-05yBK c14734d14734